000 00436nam a2200181Ia 4500
005 20240823011815.0
008 240823s9999||||xx |||||||||||||| ||und||
041 _aENGLISH
082 _A006.7869 P1
100 _a"Hartman,patricia"
245 0 _aFlash 5 Visual Jump Start
250 _a1st
260 _c2001
_b"BPB,New Delhi"
500 _aYES
650 _aComputer Science
_bComputer Science
942 _cBK
999 _c162590
_d162590